000 00920nam a2200241Ia 4500
003 OSt
005 20221005112256.0
006 a|||||r|||| 00| 0
007 ta
008 221004b |||||||| |||| 00| 0 pan d
020 _a9788178564555 (hbk)
_cINR 250.00
024 _a32249
037 _b788, 27/02/2017, H.K. Prakashan
_cTextual
040 _aCRL
_cCRL
_bpan
041 _2pan
_apan
082 _aO153,1M81:g, Q6
100 _aਬ੍ਰਹਮਜਗਦੀF ਸਿੰਘ, ਂਚ.
_9160088
245 0 _aਪੂਰਨ ਸਿੰਘ
_b ਜੀਵਨ ਅਤੇ ਕਵਿਤਾ
260 _aਅੰਮ੍ਰਿਤਸਰ
_bਵਾਰਿF Fਾਹ ਖ਼ਾਉ੍ਵਡੇFਨ ਭਾਰਤ
_c2016
650 _a ਪੰਜਾਬੀ ਕਾਵਿ
942 _hO153,1M81:g, Q6
_cTEXL
_2cc
999 _c1024389
_d1024389